Urkunden der 18. Dynastie : Ubersetzung zu den Heften 5-16 /

محفوظ في:

مؤلفون آخرون: Blumenthal, Elke., Muller, Ingeborg., Reineke, Walter F.

التنسيق: كتاب

اللغة: Italian

منشور في: Berlin : Akademie-Verlag, 1984.

سلاسل: Urkunden des agyptischen Altertums ; 4.

الموضوعات:

الوسوم: إضافة وسم

لا توجد وسوم, كن أول من يضع وسما على هذه التسجيلة!

رقم الطلب: DT87 .U7415 v.5-16

LEADER 00752nam a22002297a 4500
003 OSt
005 20260218092159.0
008 260218t1984 it 000 0 ita d
040 |c ARCE Library 
050 1 4 |a DT87  |b .U7415 v.5-16 
245 0 0 |a Urkunden der 18. Dynastie :   |b Ubersetzung zu den Heften 5-16 /   |c a cura di Elke Blumenthal, Walter F. Reineke, Ingeborg Muller. 
264 1 |a Berlin :  |b Akademie-Verlag,   |c 1984. 
300 |a 509 pages ;   |c 22 cm. 
490 0 |a Urkunden des agyptischen Altertums ;  |v 4. 
650 0 |a Egyptian language   |v Texts. 
651 0 |a Egypt  |x History, Ancient  |v Sources. 
700 1 |a Blumenthal, Elke. 
700 1 |a Muller, Ingeborg. 
700 1 |a Reineke, Walter F. 
901 |a reviewed 
942 |2 lcc  |c BK 
999 |c 55686  |d 55686